| 000 | 00410nam a2200169Ia 4500 | ||
|---|---|---|---|
| 008 | 230524s9999 xx 000 0 und d | ||
| 020 | _a8174465006 | ||
| 082 |
_a658.43 _bTRI |
||
| 100 | _aDipak Kumar Bhattacharyya | ||
| 245 | 0 | _aHuman Resource Planning | |
| 250 | _a2ND | ||
| 260 |
_aNEW DELHI _bExcel _c2009 |
||
| 300 | _aXI;437 | ||
| 500 | _aQuantity Number: 30 | ||
| 650 | _aManagement | ||
| 942 | _cBK | ||
| 999 |
_c44243 _d44243 |
||